<?xml version="1.0" encoding="UTF-8"?>
<record
    xmlns:xsi="http://www.w3.org/2001/XMLSchema-instance"
    xsi:schemaLocation="http://www.loc.gov/MARC21/slim http://www.loc.gov/standards/marcxml/schema/MARC21slim.xsd"
    xmlns="http://www.loc.gov/MARC21/slim">

  <leader>01351nam a2200361Ia 4500</leader>
  <controlfield tag="001">026465</controlfield>
  <controlfield tag="008">221003s2009    xx            000 0 spa d</controlfield>
  <datafield tag="022" ind1=" " ind2=" ">
    <subfield code="a">1139-6407</subfield>
  </datafield>
  <datafield tag="035" ind1=" " ind2=" ">
    <subfield code="a">CENDO_17485</subfield>
  </datafield>
  <datafield tag="041" ind1=" " ind2=" ">
    <subfield code="a">spa</subfield>
  </datafield>
  <datafield tag="084" ind1=" " ind2=" ">
    <subfield code="a">CD-08449</subfield>
  </datafield>
  <datafield tag="245" ind1=" " ind2="0">
    <subfield code="a">Anuario estad&#xED;stico de la Comunidad de Madrid 2009 /</subfield>
    <subfield code="c">direcci&#xF3;n del trabajo Pilar Alvir P&#xE9;rez; equipo de trabajo Mar&#xED;a Dolores Reyes Montenegro, Marta Mel Barrgueiras ; coordinaci&#xF3;n Fernando del Castillo Cuervo-Arango</subfield>
  </datafield>
  <datafield tag="260" ind1=" " ind2=" ">
    <subfield code="a">Madrid :</subfield>
    <subfield code="b">Consejer&#xED;a de Econom&#xED;a y Consumo, Instituto de Estad&#xED;stica de la Comunidad,</subfield>
    <subfield code="c">2009</subfield>
  </datafield>
  <datafield tag="300" ind1=" " ind2=" ">
    <subfield code="a">651 p. : </subfield>
    <subfield code="b">il., tab.  ;</subfield>
    <subfield code="c"> 30 cm</subfield>
  </datafield>
  <datafield tag="490" ind1=" " ind2=" ">
    <subfield code="a">Documentaci&#xF3;n y Estad&#xED;stica</subfield>
  </datafield>
  <datafield tag="650" ind1=" " ind2=" ">
    <subfield code="a">CUADROS ESTADISTICOS</subfield>
    <subfield code="9">14</subfield>
  </datafield>
  <datafield tag="650" ind1=" " ind2=" ">
    <subfield code="a">INFORME ANUAL</subfield>
    <subfield code="9">5746</subfield>
  </datafield>
  <datafield tag="650" ind1=" " ind2=" ">
    <subfield code="a">MADRID</subfield>
    <subfield code="9">180</subfield>
  </datafield>
  <datafield tag="650" ind1=" " ind2=" ">
    <subfield code="a">DEMOGRAFIA</subfield>
    <subfield code="9">877</subfield>
  </datafield>
  <datafield tag="650" ind1=" " ind2=" ">
    <subfield code="a">CONDICIONES SOCIALES</subfield>
    <subfield code="9">2653</subfield>
  </datafield>
  <datafield tag="650" ind1=" " ind2=" ">
    <subfield code="a">CONDICIONES ECONOMICAS</subfield>
    <subfield code="9">171</subfield>
  </datafield>
  <datafield tag="700" ind1=" " ind2=" ">
    <subfield code="a">ALVIR PEREZ, Pilar,</subfield>
    <subfield code="e">dir.</subfield>
    <subfield code="9">7517</subfield>
  </datafield>
  <datafield tag="700" ind1=" " ind2=" ">
    <subfield code="a">REYES MONTENEGRO, Mar&#xED;a Dolores</subfield>
    <subfield code="9">12338</subfield>
  </datafield>
  <datafield tag="700" ind1=" " ind2=" ">
    <subfield code="a">CASTILLO CUERVO ARANGO, Fernando del,</subfield>
    <subfield code="e">coord.</subfield>
    <subfield code="9">12339</subfield>
  </datafield>
  <datafield tag="710" ind1=" " ind2=" ">
    <subfield code="a">MADRID</subfield>
    <subfield code="b">Comunidad</subfield>
    <subfield code="b">Direcci&#xF3;n general de Econom&#xED;a,Estad&#xED;stica e Innovaci&#xF3;n y acienda</subfield>
    <subfield code="9">17559</subfield>
  </datafield>
  <datafield tag="901" ind1=" " ind2=" ">
    <subfield code="a">0</subfield>
  </datafield>
  <datafield tag="903" ind1=" " ind2=" ">
    <subfield code="a">NO</subfield>
  </datafield>
  <datafield tag="904" ind1=" " ind2=" ">
    <subfield code="a">000</subfield>
  </datafield>
  <datafield tag="953" ind1=" " ind2=" ">
    <subfield code="d">2009-04-22</subfield>
    <subfield code="y">MONOGRAFIA</subfield>
    <subfield code="o">CD-08449</subfield>
  </datafield>
  <datafield tag="999" ind1=" " ind2=" ">
    <subfield code="c">17484</subfield>
    <subfield code="d">17484</subfield>
  </datafield>
  <datafield tag="910" ind1=" " ind2=" ">
    <subfield code="a">2009</subfield>
  </datafield>
  <datafield tag="942" ind1=" " ind2=" ">
    <subfield code="c">MONOGRAFIA</subfield>
  </datafield>
  <datafield tag="952" ind1=" " ind2=" ">
    <subfield code="0">0</subfield>
    <subfield code="1">0</subfield>
    <subfield code="4">0</subfield>
    <subfield code="7">0</subfield>
    <subfield code="a">CENDO</subfield>
    <subfield code="b">CENDO</subfield>
    <subfield code="d">2009-04-22</subfield>
    <subfield code="l">0</subfield>
    <subfield code="o">CD-08449</subfield>
    <subfield code="p">CENDO_17485</subfield>
    <subfield code="r">2022-10-05 00:00:00</subfield>
    <subfield code="w">2022-10-05</subfield>
    <subfield code="y">MONOGRAFIA</subfield>
  </datafield>
</record>
